Pairs #42 (Film Edition) - Statistics

General Stats
  • This quiz has been taken 185 times
  • The average score is 17 of 25
Answer Stats
Hint Extra Hint Explanation Answer % Correct
The Fast title Cohen, Rob (Director). (2001). The Fast and the Furious [Film]. Universal Pictures. Starring Paul Walker, Vin Diesel. the Furious
98%
Pride title Leonard, Robert Z. (Director). (1940). Pride and Prejudice [Film]. Metro-Goldwyn-Mayer. Starring Greer Garson, Laurence Olivier. Prejudice
94%
Lilo title Sanders, Chris; DeBlois, Dean (Directors). (2002). Lilo & Stitch [Film]. Walt Disney Pictures; Walt Disney Feature Animation. Starring Daveigh Chase, Chris Sanders. Stitch
94%
Ant-Man title Reed, Peyton (Director). (2018). Ant-Man and the Wasp [Film]. Marvel Studios. Starring Paul Rudd, Evangeline Lilly. the Wasp
91%
Monty Python title Gilliam, Terry; Jones, Terry (Directors). (1975). Monty Python and the Holy Grail [Film]. Python (Monty) Pictures; Michael White Productions; National Film Trustee Company. Starring Graham Chapman, John Cleese. the Holy Grail
90%
Shrek characters Shrek and Donkey become best friends by the end of the first film in the Shrek film franchise. Donkey
89%
Indiana Jones title Spielberg, Steven (Director). (2008). Indiana Jones and the Kingdom of the Crystal Skull [Film]. Lucasfilm Ltd. Starring Harrison Ford, Cate Blanchett. the Kingdom of the Crystal Skull
88%
Dean Martin duo Dean Martin and Jerry Lewis. Comedy duo (1946-1956) who performed in nightclubs, on radio, and in films and television. Both had successful solo careers after their act broke up. Jerry Lewis
82%
Laurel duo Laurel and Hardy. Slapstick and comedy duo Stan Laurel and Oliver Hardy, who appeared in 107 films between 1927 and 1955. Hardy
80%
Julie title Ephron, Nora (Director). (2009). Julie & Julia [Film]. Columbia Pictures; Easy There Tiger Productions; Laurence Mark Productions. Starring Meryl Streep, Amy Adams. Julia
78%
Peter Parker characters Peter Parker and Mary Jane Watson are love interests in the Spider-Man film franchise. Mary Jane Watson
77%
Rocky characters Rocky and Bullwinkle. Animated squirrel and moose who had two successful TV series before starring in the film The Adventures of Rocky and Bullwinkle (2000). Bullwinkle
72%
Bella characters Bella and Edward. Isabella "Bella" Marie Swan and Edward Cullen (played by Kristen Stewart and Robert Pattinson), principle characters in the film series The Twilight Saga. Edward
70%
Josie title Elfont, Harry; Kaplan, Deborah (Directors). (2001). Josie and the Pussycats [Film]. Universal Pictures; Metro-Goldwyn-Mayer; Marc Platt Productions; Riverdale Productions. Starring Rachael Leigh Cook, Tara Reid, Rosario Dawson. the Pussycats
69%
Harry title Dear, William (Director). (1987). Harry and the Hendersons [Film]. Universal Pictures; Amblin Entertainment. Starring John Lithgow, Melinda Dillon. the Hendersons
64%
Anna title Cromwell, John (Director). (1946). Anna and the King of Siam [Film]. Twentieth Century Fox. Starring Irene Dunne, Rex Harrison. the King of Siam
57%
Sid title Cox, Alex (Director). (1986). Sid and Nancy [Film]. Initial Pictures; U.K. Productions Entity; Zenith Entertainment. Starring Gary Oldman, Chloe Webb. Nancy
55%
Baby characters Baby and Johnny. Frances “Baby” Houseman and Johnny Castle (played by Jennifer Grey and Patrick Swayze) were the protagonists in Dirty Dancing (1987). Johnny
49%
Tea title Minnelli, Vincente (Director). (1956). Tea and Sympathy [Film]. Metro-Goldwyn-Mayer. Starring Deborah Kerr, John Kerr. Sympathy
47%
Robin title Lester, Richard (Director). (1976). Robin and Marian [Film]. Rastar. Starring Sean Connery, Audrey Hepburn. Marian
46%
McCabe title Altman, Robert (Director). (1971). McCabe & Mrs. Miller [Film]. Warner Bros. Starring Warren Beatty, Julie Christie. Mrs. Miller
41%
Haslam duo Haslam and Daewon. Skateboarding duo Chris Haslam and Daewon Song have appeared in several films and video releases. Daewon
37%
Ernest title Aubier, Stéphane; Patar, Vincent; Rennes, Benjamin (Directors). (2012). Ernest & Celestine [Film]. La Parti Productions; Les Armateurs; Melusine Productions. Starring Lambert Wilson, Pauline Brunner. Celestine
35%
Doc title Apatow, Judd; Bonfiglio, Michael (Directors). (2016). Doc & Darryl [Film]. Team Marketing. Starring Dwight “Doc” Gooden, Darryl Strawberry. Darryl
29%
Wendell title Selick, Henry (Director). (2022). Wendell & Wild [Film]. Netflix Animation; Monkeypaw Productions; Gotham Group. Starring Keegan-Michael Key, Jordan Peele. Wild
20%
No matching quizzes found
Score Distribution
Percent of People with Each Score
Percentile by Number Answered
Your Score History
You have not taken this quiz